000 00734nas a2200277 i 4500
001 2689
003 ES-MaACL
005 20250217134712.0
007 t|
008 980120c19771999sp | | 0 ||aq d
080 _a(460)
080 _a80
080 _a908
245 0 0 _aZer /
_cbizkaitarrai-bizkaieraz.
260 _aBilbao :
_bEuskerazaleak,
_c1977-
300 _a3 v. ;
_c30 cm.
310 _aMensual
362 0 _aNº 1 (1977)-
500 _aTexto en euskera.
650 1 4 _aLingüística. Filología.
_914477
650 1 4 _aMonografías regionales.
_915170
710 2 _aEuskerazaleak.
_94044
852 _aES-MaACL
_jHem-579
866 0 _o(1978)1979-80(1981-84)1985(1986-87)1988(1989-92).
999 _c2689
_d2689